Normal view
MARC view
Entry Personal Name
001 - CONTROL NUMBER
- control field: 30409
003 - CONTROL NUMBER IDENTIFIER
- control field: dpl
005 - DATE AND TIME OF LATEST TRANSACTION
- control field: 20110728171308.0
008 - FIXED-LENGTH DATA ELEMENTS
- fixed length control field: 110728|||a|||||| | ||| d
040 ## - CATALOGING SOURCE
- Original cataloging agency: dpl
- Transcribing agency: dpl
100 ## - HEADING--PERSONAL NAME
- Personal name: Ganesan, L.
670 ## - SOURCE DATA FOUND
- Source citation: Work cat.: (dpl)31011: Ganesan, L., Transmission Lines and wave guides /, 2010
670 ## - SOURCE DATA FOUND
- Source citation: Work cat.: (dpl)31011: Ganesan, L., Transmission Lines and wave guides /, 2010
